| 000 | 00577nam a2200181 4500 | ||
|---|---|---|---|
| 001 | 143020 | ||
| 003 | ES-MaACL | ||
| 005 | 20230906200707.0 | ||
| 007 | t| | ||
| 008 | 070214s1960 sp r ||||1| spa d | ||
| 100 | 1 |
_aSela, Alejandro. _9105284 |
|
| 245 | 1 | 0 |
_aDe vuelta del Eo _b: ensayos breves de amor y otras cosas / _cAlejandro Sela ; dibujos de Alvaro Delgado. |
| 260 |
_a[S. l. : _bs. n.], _c1960 ( _eLuarca : _fImp. Boada) |
||
| 300 |
_a93 p. : _bil. ; _c15 cm. |
||
| 700 | 1 |
_aDelgado, Alvaro. _9186390 |
|
| 852 |
_aES-MaACL _jC-18804 _bR.46339 |
||
| 999 |
_c143020 _d143020 |
||